01008cam a2200253 450000100060000000300080000600500170001400800410003102000150007203500190008704000320010604100080013808200250014610000490017124500680022026000600028830000320034850400380038065000270041894200120044599900170045795201390047495201410061312492BD-RjUL20211208235314.0140129r19701969enkaf b 001 0 eng d a0435629832 a(BD-RjUL)12541 aDLCcDLCdDLCdBD-RjULbeng aeng00a572.46bHEP 19702231 aHeath, O. V. S.q(Oscar Victor Sayer)93889414aThe physiological aspects of photosynthesis /c O. V. S. Heath. aLondon:bHeinemann Educational,cc1969 [reprinted 1970] ax, 310 p. :bill. ;c22 cm. aIncludes Bibliography and Indexes 0aPhotosynthesis.929920 2ddccBK c12492d12492 00102ddc40718NFICaRUCLbRUCLcReadingd1973-02-27eBlack wellg3.00l0o572.46 HEP 1970r2014-01-29 00:00:00tC-1w2021-12-08yBK 00102ddc40708NFICaRUCLbRUCLcStackd2021-12-08eB.H. Blackwellg3.00l0o572.46 HEP 1970r2017-05-23 00:00:00tC-2w2017-05-23yBK